000 00638cam a22002293a 4500
001 27661
003 PGUSA
005 20140828083610.0
008 081230s2008||||xxu|||||s|||||000 1 eng d
040 _aPGUSA
_beng
042 _adc
050 4 _aPS
100 1 _aReed, Myrtle,
_d1874-1911
245 1 0 _aMaster of the Vineyard
_h[electronic resource] /
_cMyrtle Reed
260 _bProject Gutenberg,
_c2008
506 _aPublic domain in the USA.
516 _aElectronic text
653 _aMan-woman relationships -- Fiction
830 0 _aProject Gutenberg
_v27661
856 4 0 _uhttp://www.gutenberg.org/ebooks/27661
942 _cEB
999 _c256916
_d256916